[Event "FIDE World Cup 2013"]
[Site "Tromso NOR"]
[Date "2013.08.17"]
[Round "3.1"]
[White "Le Quang Liem"]
[Black "Grischuk,A"]
[Result "1-0"]
[WhiteElo "2702"]
[BlackElo "2785"]

1.d4 Nf6 2.c4 g6 3.Nc3 d5 4.cxd5 Nxd5 5.e4 Nxc3 6.bxc3 Bg7 7.Bc4 c5 8.Ne2 Nc6
9.Be3 O-O 10.O-O b6 11.Qd2 Bb7 12.Rfd1 Rc8 13.Rac1 e6 14.Bh6 cxd4 15.cxd4 Qh4
16.Bxg7 Kxg7 17.Qe3 Rfd8 18.h3 Qe7 19.Bb5 Qb4 20.Rb1 Qe7 21.Nf4 Nb4 22.d5 Nc2
23.Qg3 e5 24.Ne2 Na3 25.Rb3 Nxb5 26.Rxb5 Ba6 27.Rb2 Bxe2 28.Rxe2 Qd6 29.Qd3 Rc5
30.Rc2 Rdc8 31.Rdc1 Kf8 32.Qa3 Qe7 33.Rxc5 Rxc5 34.Rxc5 Qxc5 35.Qxc5+ bxc5
36.Kf1 Ke7 37.Ke2 f5 38.f3 Kd6 39.Kd3 f4 40.h4 Kc7 41.Kc4 Kd6 42.Kb5 h6 43.Kc4 a6
44.a3  1-0

[Event "22nd ZMDI Open 2013"]
[Site "Dresden GER"]
[Date "2013.08.18"]
[Round "9.38"]
[White "Urban,L"]
[Black "Linnemann,Niklas"]
[Result "1/2-1/2"]
[WhiteElo "2127"]
[BlackElo "1948"]

1.d4 Nf6 2.c4 g6 3.Nc3 d5 4.cxd5 Nxd5 5.e4 Nxc3 6.bxc3 Bg7 7.Bc4 c5 8.Ne2 Nc6
9.Be3 O-O 10.O-O Qc7 11.Rc1 Rd8 12.Qd2 b6 13.Bh6 Bh8 14.Rfd1 Bb7 15.Qg5 Bf6
16.Qe3 Qd6 17.Bd5 e6 18.Bxc6 Qxc6 19.f3 Qa4 20.e5 Bg7 21.Bxg7 Kxg7 22.h4 h5
23.Qg5 cxd4 24.Nf4 Kh7 25.Nxh5  1/2-1/2

[Event "12th Lichtenberger Sommer"]
[Site "Berlin GER"]
[Date "2013.08.19"]
[Round "3.79"]
[White "Kapp,F"]
[Black "Poeltelt,H"]
[Result "1-0"]
[WhiteElo "1908"]
[BlackElo "1733"]

1.d4 Nf6 2.c4 g6 3.Nc3 d5 4.cxd5 Nxd5 5.e4 Nxc3 6.bxc3 Bg7 7.Bc4 c5 8.Ne2 cxd4
9.cxd4 O-O 10.O-O a6 11.Be3 Nc6 12.Rc1 e6 13.Qd2 Bd7 14.Rfd1 Na5 15.Bg5 Nxc4
16.Rxc4 Bf6 17.Bxf6 Qxf6 18.Rc3 Ba4 19.e5 Qe7 20.Rdc1 Bc6 21.Qh6 f5 22.h4 Qg7
23.Qf4 h6 24.Ng3 g5 25.hxg5 hxg5 26.Qd2 Qh6 27.Ne2 Kf7 28.Rh3 Qg6 29.Rg3 g4
30.f3 Rh8 31.fxg4 fxg4 32.Rf1+ Kg7 33.Rf6 Qb1+ 34.Kf2 Rh1 35.Rxg4+ Kh7 36.Qg5 Rf1+
37.Ke3  1-0

[Event "49th Rubinstein Memorial"]
[Site "Polanica Zdroj POL"]
[Date "2013.08.19"]
[Round "3.3"]
[White "Ovsejevitsch,S"]
[Black "Sulypa,A"]
[Result "1/2-1/2"]
[WhiteElo "2569"]
[BlackElo "2483"]

1.d4 Nf6 2.c4 g6 3.Nc3 d5 4.cxd5 Nxd5 5.e4 Nxc3 6.bxc3 Bg7 7.Be3 c5 8.Qd2 Qa5
9.Rb1 a6 10.Rc1 e6 11.Nf3 O-O 12.Bh6 cxd4 13.Bxg7 Kxg7 14.cxd4 Qxd2+ 15.Kxd2 Nc6
16.Be2 Bd7 17.Rc3 Rfd8 18.Ke3 Na7 19.Rc7 Rab8 20.Ne5 Be8 21.Rb1 Nb5 22.Bxb5 axb5
23.Rbc1 Ra8 24.Rxb7 Ra3+ 25.Kf4 Rxa2 26.f3 Rxg2 27.Rcc7 g5+ 28.Ke3 Ra8 29.d5 Ra3+
30.Kd4 Rd2+  1/2-1/2

[Event "FIDE World Cup 2013"]
[Site "Tromso NOR"]
[Date "2013.08.19"]
[Round "3.3"]
[White "Kramnik,V"]
[Black "Areshchenko,A"]
[Result "1-0"]
[WhiteElo "2784"]
[BlackElo "2709"]

1.d4 Nf6 2.c4 g6 3.Nc3 d5 4.cxd5 Nxd5 5.e4 Nxc3 6.bxc3 Bg7 7.Be3 c5 8.Rc1 Qa5
9.Qd2 cxd4 10.cxd4 Qxd2+ 11.Bxd2 O-O 12.Nf3 e6 13.Bb5 Nc6 14.Be3 Rd8 15.Bxc6 bxc6
16.Ne5 Bb7 17.f3 Bxe5 18.dxe5 Rd3 19.Kf2 Rad8 20.Bg5 R8d7 21.h4 h5 22.Kg3 Kh7
23.Rc2 c5 24.Rxc5 Bxe4 25.Rc8 Bb7 26.Rf8 f5 27.exf6 e5 28.Re8 e4 29.Rb1 exf3
30.Rxb7 fxg2+ 31.Kxg2  1-0

[Event "21st Troya Open 2013"]
[Site "Canakkale TUR"]
[Date "2013.08.20"]
[Round "5.6"]
[White "Rahmanov,S"]
[Black "Tuncer,Tuna"]
[Result "1-0"]
[WhiteElo "2258"]
[BlackElo "1971"]

1.d4 Nf6 2.c4 g6 3.Nc3 d5 4.cxd5 Nxd5 5.e4 Nxc3 6.bxc3 Bg7 7.Bc4 c5 8.Ne2 Nc6
9.Be3 Qc7 10.O-O O-O 11.Rc1 Rd8 12.Qd2 b6 13.Bf4 Be5 14.Bxe5 Qxe5 15.f4 Qd6
16.d5 Na5 17.Bd3 c4 18.Bb1 e6 19.Nd4 exd5 20.e5 Qe7 21.Rce1 Rb8 22.f5 b5
23.e6 fxe6 24.fxe6 Rb7 25.Rf7 Qd6 26.Qh6  1-0

[Event "9th BDO Premier"]
[Site "Haarlem NED"]
[Date "2013.08.20"]
[Round "4.2"]
[White "Klein,Da"]
[Black "Bok,B"]
[Result "1/2-1/2"]
[WhiteElo "2468"]
[BlackElo "2527"]

1.d4 Nf6 2.c4 g6 3.Nc3 d5 4.cxd5 Nxd5 5.e4 Nxc3 6.bxc3 Bg7 7.Qa4+ Nd7 8.Nf3 O-O
9.Be2 c5 10.O-O Nb6 11.Qa3 cxd4 12.cxd4 Bg4 13.Bg5 Bxf3 14.Bxf3 Qxd4 15.Rad1 Qe5
16.Qxe7 Qxe7 17.Bxe7 Rfe8 18.Bg5 Na4 19.Be3 Re7 20.Bg5 Ree8 21.Be3 Re7 22.Bg5 Ree8  1/2-1/2

[Event "74th ch-ARM 1st League"]
[Site "Yerevan ARM"]
[Date "2013.08.21"]
[Round "1.6"]
[White "Kotanjian,T"]
[Black "Babujian,L"]
[Result "1-0"]
[WhiteElo "2500"]
[BlackElo "2501"]

1.d4 Nf6 2.c4 g6 3.Nc3 d5 4.cxd5 Nxd5 5.e4 Nxc3 6.bxc3 Bg7 7.Bc4 c5 8.Ne2 O-O
9.O-O Nc6 10.Be3 Qc7 11.Rc1 Rd8 12.Bf4 Be5 13.Bxe5 Nxe5 14.Bb3 Ng4 15.Ng3 Qf4
16.Qe1 b6 17.h3 Nf6 18.e5 Nd5 19.Bxd5 Rxd5 20.c4 Rd8 21.d5 b5 22.Qa5 Bd7
23.Rfe1 Be8 24.cxb5 Rxd5 25.b6 Bc6 26.b7 Bxb7 27.Qc7 Rd2 28.Qxb7 Qxf2+ 29.Kh2 Re8
30.Rf1 Qd4 31.Qb3 Rf8 32.e6 f5 33.Rfd1 f4 34.Nf1 Rxd1 35.Rxd1 Qe5 36.Rd5 Qe2
37.Nd2 c4 38.Qxc4 Qxe6 39.Nf3 Kg7 40.Qd4+ Kh6 41.a4 Qb6 42.Qe4 e6 43.Rd7 Rf5
44.Qe1 Rh5 45.Qc3 e5 46.Qc8 Rxh3+ 47.Kxh3 Qf6 48.Qd8  1-0

[Event "24th Porto San Giorgio Open"]
[Site "Porto San Giorgio ITA"]
[Date "2013.08.22"]
[Round "2.9"]
[White "Naumkin,I"]
[Black "Pienabarca,N"]
[Result "1-0"]
[WhiteElo "2445"]
[BlackElo "2129"]

1.d4 Nf6 2.c4 g6 3.Nc3 d5 4.cxd5 Nxd5 5.e4 Nxc3 6.bxc3 Bg7 7.Bc4 c5 8.Ne2 O-O
9.O-O Nc6 10.Be3 Na5 11.Bd3 b6 12.Rc1 c4 13.Bc2 e5 14.f4 exd4 15.Nxd4 Bb7
16.Qe2 Qe7 17.e5 f6 18.f5 fxe5 19.Ne6 Rf7 20.Nxg7 Kxg7 21.fxg6 hxg6 22.Qg4 Rf6
23.Bg5 Qc5+ 24.Kh1 Rd6 25.Bf6+  1-0

[Event "FIDE World Cup 2013"]
[Site "Tromso NOR"]
[Date "2013.08.22"]
[Round "4.3"]
[White "Vachier Lagrave,M"]
[Black "Gelfand,B"]
[Result "1-0"]
[WhiteElo "2719"]
[BlackElo "2764"]

1.d4 Nf6 2.c4 g6 3.Nc3 d5 4.cxd5 Nxd5 5.e4 Nxc3 6.bxc3 Bg7 7.Bc4 c5 8.Ne2 O-O
9.O-O Nc6 10.Be3 b6 11.Rc1 Bb7 12.d5 Ne5 13.Bb3 Ba6 14.c4 e6 15.Nf4 Re8 16.Re1 Qh4
17.h3 Rad8 18.Qc2 g5 19.Nd3 h6 20.Nxe5 Bxe5 21.f3 exd5 22.cxd5 Qg3 23.Bc4 b5
24.Be2 c4 25.Kf1 Bc8 26.Bd1 f5 27.exf5 Rxd5 28.Qe4 Rdd8 29.Bf2 Qf4 30.Bc2 Qxe4
31.Bxe4 Bf6 32.Bxa7 Kg7 33.Bc5 Rd2 34.Rc2 Red8 35.Bb4 Rd1 36.g4 Be5 37.Ke2 R1d3
38.Kf2 Rd1 39.Rxd1 Rxd1 40.Rd2 Rxd2+ 41.Bxd2 c3 42.Be3 b4 43.Bc5 Bb7 44.Bxb4 Bxe4
45.fxe4 c2 46.Ba3 Bf4 47.Ke2 Kf6 48.Bb2+ Ke7 49.Kd3 c1=Q 50.Bxc1 Bxc1 51.e5 Ba3
52.Kc4 Kd7 53.Kd5 Ke7 54.Kc6 Bb2 55.a4 Bxe5 56.a5 Bd4 57.a6 Bg1 58.Kb7 Kd7
59.a7 Bxa7 60.Kxa7 Kc7 61.Ka6 Kc6 62.Ka5 Kc5 63.Ka4 Kd5 64.Kb5 Kd6 65.Kb6 Ke7
66.Kc7 Ke8 67.Kd6 Kf7 68.Kd7  1-0

[Event "FIDE World Cup 2013"]
[Site "Tromso NOR"]
[Date "2013.08.23"]
[Round "5.1"]
[White "Vachier Lagrave,M"]
[Black "Caruana,F"]
[Result "1/2-1/2"]
[WhiteElo "2719"]
[BlackElo "2796"]

1.d4 Nf6 2.c4 g6 3.Nc3 d5 4.cxd5 Nxd5 5.e4 Nxc3 6.bxc3 Bg7 7.Nf3 c5 8.Be3 Bg4
9.Rc1 O-O 10.Be2 Qa5 11.O-O Qxa2 12.Ra1 Qb2 13.Qd3 Qb6 14.Rfb1 Qc7 15.Qc4 b6
16.h3 Bc8 17.dxc5 Bb7 18.Qb4 Nc6 19.Qb3 Qc8 20.cxb6 axb6 21.Qxb6 Nd8 22.Bd4 Bxd4
23.Qxd4 Ne6 24.Qe3 Qc5 25.Rxa8 Bxa8 26.Nd4 Rd8 27.Bf1 Bc6 28.Rb4 Ba8 29.Ra4 Bb7
30.Rc4 Qe5 31.Nxe6 Qxe6 32.Rb4 Ba8 33.Be2 Qe5 34.h4 Rc8 35.Rd4 h5 36.g3 Kg7
37.Kh2 Qc5 38.Rd3 Qxe3 39.Rxe3 Rb8 40.Kg2 Rb2 41.f3 Bc6 42.Kf1 Kf6 43.e5+ Ke6
44.g4 Kd5 45.f4 hxg4 46.Bxg4 e6 47.Ke1 Rh2 48.Rh3 Ra2 49.h5 gxh5 50.Bf3+ Kc5
51.Bxh5 Be8 52.Rg3 Rh2 53.Be2 Bb5 54.Bxb5 Kxb5 55.Rg7 Kc4 56.Rxf7 Kxc3 57.Rd7 Rh4
58.Kf2 Rxf4+ 59.Ke3 Rg4 60.Rc7+ Kb4 61.Rc6 Rg6  1/2-1/2

[Event "3rd Isthmia Open"]
[Site "Vrachati GRE"]
[Date "2013.08.23"]
[Round "7.15"]
[White "Vragoteris,A"]
[Black "Sidiropoulos,N1"]
[Result "0-1"]
[WhiteElo "2261"]
[BlackElo "2106"]

1.d4 Nf6 2.c4 g6 3.Nc3 d5 4.cxd5 Nxd5 5.e4 Nxc3 6.bxc3 Bg7 7.Qa4+ Qd7 8.Qb3 O-O
9.Nf3 c5 10.Be3 cxd4 11.cxd4 Nc6 12.Rd1 Qd6 13.a3 Bg4 14.d5 Ne5 15.Be2 Rac8
16.h3 Bxf3 17.gxf3 Rc3 18.Qb4 Qc7 19.Kf1 Nc4 20.Bd4 Bxd4 21.Rxd4 Nxa3 22.Rd1 a5
23.Qb2 b5 24.h4 b4 25.h5 Nc4 26.Qa1 Qf4 27.Rh3 Nd2+ 28.Kg2 Nb3 29.Qa4 Nc1
30.Bb5 b3 31.Qa1 Rfc8 32.hxg6 fxg6 33.Bd7 R8c5 34.Be6+ Kf8 35.Qa4 b2 36.Qd4 Qf6
37.e5 Qg5+ 38.Rg3 Ne2  0-1

[Event "15th Sants Open 2013"]
[Site "Barcelona ESP"]
[Date "2013.08.24"]
[Round "2.14"]
[White "Goryachkina,A"]
[Black "Maia,JE"]
[Result "1-0"]
[WhiteElo "2409"]
[BlackElo "2129"]

1.d4 Nf6 2.c4 g6 3.Nc3 d5 4.cxd5 Nxd5 5.e4 Nxc3 6.bxc3 Bg7 7.Bc4 c5 8.Ne2 Nc6
9.Be3 O-O 10.O-O b6 11.Rb1 cxd4 12.cxd4 e6 13.Qa4 Na5 14.Bd3 Bb7 15.Rfd1 Qe7
16.Bd2 Bc6 17.Qc2 Rfc8 18.Bxa5 bxa5 19.Ba6 Qd7 20.Bxc8 Rxc8 21.Qd3 Rd8 22.Qe3 f5
23.exf5 exf5 24.d5 Ba4 25.Rd2 Re8 26.Qd3 Qd6 27.h3 Rc8 28.Qe3 Rd8 29.Qf4 Qxf4
30.Nxf4 Bc3 31.Re2 g5 32.Ne6 Rxd5 33.Rb8+ Kf7 34.Nxg5+ Kf6 35.f4 Bd7 36.Rf8+ Kg7
37.Rf7+ Kg8 38.Ree7  1-0

[Event "15th Sants Open 2013"]
[Site "Barcelona ESP"]
[Date "2013.08.25"]
[Round "3.8"]
[White "Alcaraz Ortega,J"]
[Black "Cori,J"]
[Result "0-1"]
[WhiteElo "2350"]
[BlackElo "2569"]

1.d4 Nf6 2.c4 g6 3.Nc3 d5 4.cxd5 Nxd5 5.e4 Nxc3 6.bxc3 Bg7 7.Nf3 c5 8.Be3 O-O
9.Be2 b6 10.O-O Bb7 11.Qd3 cxd4 12.cxd4 e6 13.Rad1 Nc6 14.Bg5 Qd6 15.d5 exd5
16.Qxd5 Qb8 17.Qd7 Na5 18.Be7 Bc6 19.Qd6 Re8 20.e5 Qb7 21.Bg5 Re6 22.Qd4 Rae8
23.Qh4 h5 24.Bf4 Qe7 25.Bg5 Qa3 26.Rd2 Bxf3 27.Bxf3 Rxe5 28.Bd5 Qc5 29.Be3 Qf8
30.g3 Bh6 31.Qf6 Kh7 32.Qh4 Rf5 33.Bf4 Rfe5 34.Rfd1 Rf5 35.Bxh6 Qxh6 36.Kg2 Qg7
37.Be4 Rfe5 38.Rd4 R8e7 39.Qf4 Rc5 40.Qf3 Qe5 41.Bd5 Kg7 42.h4 Qc7 43.g4 Nc6
44.Bxc6 Qxc6 45.Qxc6 Rxc6 46.gxh5 gxh5 47.Rd5 Re2 48.R1d2 Rxd2 49.Rxd2 Rc4
50.Kg3 Ra4 51.Rc2 Kg6 52.Rd2 Ra3+ 53.f3 Ra4 54.Rb2 f5 55.Rc2 f4+ 56.Kf2 Kf5
57.Ke1 Ra3 58.Ke2 Ke5 59.Rd2 b5 60.Kf2 b4 61.Rb2 a5  0-1

[Event "e2e4 Coventry Open"]
[Site "Coventry ENG"]
[Date "2013.08.25"]
[Round "5"]
[White "Savage,Nicholas W"]
[Black "Bennett,Dominic L"]
[Result "0-1"]
[WhiteElo "1980"]
[BlackElo "1977"]

1.d4 Nf6 2.c4 g6 3.Nc3 d5 4.cxd5 Nxd5 5.e4 Nxc3 6.bxc3 Bg7 7.Be3 c5 8.Rc1 Qa5
9.Qd2 b6 10.Nf3 Nd7 11.Bd3 O-O 12.O-O Ba6 13.d5 Bxd3 14.Qxd3 Qxa2 15.Qb5 Rfd8
16.Nd2 a6 17.Qe2 Qa4 18.f4 Qb5 19.c4 Qa5 20.e5 b5 21.cxb5 axb5 22.Bxc5 Nxc5
23.Rxc5 Qa7 24.Qf2 Rab8 25.Rb1 Qa4 26.Nb3 f6 27.Qe3 fxe5 28.fxe5 Rf8 29.Nd4 Qa2
30.Rf1 b4 31.Nc6 Rxf1+ 32.Kxf1 Rf8+ 33.Kg1 b3  0-1

[Event "88th ch-ARG Superior 2013"]
[Site "Resistance/Saenz Pena ARG"]
[Date "2013.08.25"]
[Round "1.7"]
[White "Peralta,Fe"]
[Black "Krysa,L"]
[Result "1-0"]
[WhiteElo "2609"]
[BlackElo "2422"]

1.d4 Nf6 2.c4 g6 3.Nc3 d5 4.cxd5 Nxd5 5.e4 Nxc3 6.bxc3 Bg7 7.Bc4 c5 8.Ne2 Nc6
9.Be3 O-O 10.O-O b6 11.Bb5 Bb7 12.d5 Ne5 13.Nf4 c4 14.Rb1 Qd6 15.Qe2 Rac8
16.Rfd1 Qa3 17.Qb2 Qxb2 18.Rxb2 a6 19.Ba4 b5 20.Bc2 Nd3 21.Bxd3 cxd3 22.Nxd3 Rxc3
23.Rb3 Rfc8 24.Rxc3 Bxc3 25.Rc1 Rc4 26.Kf1 f5 27.Nc5 f4 28.Nxb7 fxe3 29.fxe3 b4
30.Ke2 Rxe4 31.Kd3 Rh4 32.h3 Rh5 33.e4 Rg5 34.g4 h5 35.Rg1 hxg4 36.hxg4 a5
37.Nc5 Re5 38.g5 a4 39.Nxa4  1-0

[Event "US Masters 2013"]
[Site "Greensboro USA"]
[Date "2013.08.29"]
[Round "1.23"]
[White "Shmeliov,D"]
[Black "Greanias,S"]
[Result "1-0"]
[WhiteElo "2417"]
[BlackElo "2137"]

1.d4 Nf6 2.c4 g6 3.Nc3 d5 4.cxd5 Nxd5 5.e4 Nxc3 6.bxc3 Bg7 7.Be3 O-O 8.Qd2 c5
9.d5 Qa5 10.Rc1 e6 11.c4 Qa3 12.f4 exd5 13.cxd5 b6 14.Nf3 Ba6 15.e5 Bxf1
16.Rxf1 Na6 17.Rc3 Qa4 18.f5 gxf5 19.Bh6 Qg4 20.Bxg7 Qxg7 21.Qe2 Nb4 22.Nh4 Rae8
23.Rxf5 Kh8 24.Rg3 Qh6 25.Rh5 Qc1+ 26.Kf2 Nxd5 27.Rxh7+ Kxh7 28.Qh5+  1-0

[Event "88th ch-ARG Superior 2013"]
[Site "Resistance/Saenz Pena ARG"]
[Date "2013.09.01"]
[Round "7.6"]
[White "Tristan,L"]
[Black "Paveto,K"]
[Result "1/2-1/2"]
[WhiteElo "2457"]
[BlackElo "2343"]

1.d4 Nf6 2.c4 g6 3.Nc3 d5 4.cxd5 Nxd5 5.e4 Nxc3 6.bxc3 Bg7 7.Qa4+ Nd7 8.Nf3 O-O
9.Be2 c5 10.O-O Nb6 11.Qa3 Bg4 12.Qxc5 Rc8 13.Qa5 Bxf3 14.Bxf3 Qc7 15.Rb1 Qxc3
16.Qxa7 Nc4 17.e5 Ra8 18.Qc5 Rac8 19.Qxe7 Rfe8 20.Qxb7 Qxd4 21.Bd5 Nxe5 22.Be3 Qh4
23.Rb4 Qf6 24.Rf4 Qe7 25.Qxe7 Rxe7 26.Rb4 Rd7 27.Bb7 Rb8 28.Rfb1 Bf8 29.R4b3 Rbd8
30.g3 Nc4 31.Bg5 Be7 32.Bxe7 Rxe7 33.Rb4 Nd2 34.R1b2 Re1+ 35.Kg2 Rc1 36.a4 Nc4
37.Ba6 Nxb2 38.Rxb2 Rdd1 39.Bb5 Ra1 40.h4 Kg7 41.Rc2 Re1 42.Rd2 Kf6 43.Rd6+ Ke5
44.Rd7 Ke6 45.Rd2 h6 46.Rc2 Kf6 47.Rd2 Red1 48.Rc2 g5 49.hxg5+ hxg5 50.Rc6+ Ke5
51.Rc5+ Kf6 52.Rc6+ Kg7 53.Rc5 Kg6 54.Kf3 Rd4 55.Ke3 Rdd1 56.Bd3+ Kf6 57.Bc2 Re1+
58.Kd2 Rf1 59.Ke2 g4 60.Rf5+ Ke7  1/2-1/2

[Event "88th ch-ARG Superior 2013"]
[Site "Resistance/Saenz Pena ARG"]
[Date "2013.09.03"]
[Round "9.4"]
[White "Krysa,L"]
[Black "Pierrot,Fac"]
[Result "0-1"]
[WhiteElo "2422"]
[BlackElo "2419"]

1.d4 Nf6 2.c4 g6 3.Nc3 d5 4.cxd5 Nxd5 5.e4 Nxc3 6.bxc3 Bg7 7.Qa4+ Nd7 8.Nf3 O-O
9.Be2 c5 10.O-O cxd4 11.cxd4 Nf6 12.Bd3 b6 13.Ba3 Re8 14.Rac1 Bd7 15.Qb3 Rc8
16.Ne5 e6 17.Nc4 Bf8 18.Bxf8 Rxf8 19.e5 Nd5 20.Be4 Nf4 21.Qb2 Qg5 22.g3 Bb5
23.Qxb5 Ne2+ 24.Kg2 Nxc1 25.f4 Qd8 26.Rxc1 Qxd4 27.Bc6 Rc7 28.Kh3 a6 29.Qxb6 Qxb6
30.Nxb6 Rb8 31.Nd7 Rbc8 32.Nf6+ Kg7 33.Rb1 Rxc6 34.Rb7 Rc2 35.Ne4 R2c7 36.Rb6 Ra7
37.Nf6 a5 38.a3 a4 39.Ne4 h6 40.Kg4 Rd8 41.Nd6 Kf8 42.Rc6 Rda8 43.h4 h5+
44.Kg5 Kg7 45.g4 hxg4 46.Kxg4 Rb8 47.Ne4 Rd7 48.Nd6 Rb3 49.h5 gxh5+ 50.Kxh5 Rxa3
51.f5 exf5 52.Nxf5+ Kh7 53.Rh6+ Kg8 54.Ra6 Ra1 55.Kh6 Rd8 56.Kg5 Re8 57.Nh6+ Kf8
58.Ng4 a3 59.Ra7 a2 60.Ra6 Kg7 61.Ra7 Re6 62.Ra4 Rg6+ 63.Kf5 Rf1+  0-1

[Event "TCh-ROU w 2013"]
[Site "Mamaia ROU"]
[Date "2013.09.04"]
[Round "5.1"]
[White "Atalik,E"]
[Black "Papp,Petra"]
[Result "1/2-1/2"]
[WhiteElo "2431"]
[BlackElo "2276"]

1.d4 Nf6 2.c4 g6 3.Nc3 d5 4.cxd5 Nxd5 5.e4 Nxc3 6.bxc3 Bg7 7.Bb5+ c6 8.Ba4 b5
9.Bb3 a5 10.Nf3 O-O 11.O-O Nd7 12.Rb1 a4 13.Bc2 Nb6 14.Ba3 Be6  1/2-1/2

[Event "88th ch-ARG Superior 2013"]
[Site "Resistance/Saenz Pena ARG"]
[Date "2013.09.05"]
[Round "11.5"]
[White "Valerga,D"]
[Black "Pierrot,Fac"]
[Result "1/2-1/2"]
[WhiteElo "2490"]
[BlackElo "2419"]

1.d4 Nf6 2.c4 g6 3.Nc3 d5 4.cxd5 Nxd5 5.e4 Nxc3 6.bxc3 Bg7 7.Nf3 c5 8.Be3 Qa5
9.Qd2 O-O 10.Rc1 cxd4 11.cxd4 Qxd2+ 12.Nxd2 Rd8 13.Nb3 e6 14.Bg5 f6 15.Be3 Nc6
16.Bb5 f5 17.Bxc6 bxc6 18.e5 a5 19.Nc5 a4 20.Rc4 Bf8 21.Kd2 Ra5 22.Rhc1 a3
23.R1c2 Kf7 24.f4 Rb5 25.Kc1 h6 26.R4c3 g5 27.fxg5 hxg5 28.Rxa3 f4 29.Bf2 g4
30.Rcc3 Bxc5 31.Rxc5  1/2-1/2

[Event "Svenska Cup 2013"]
[Site "Linkoping SWE"]
[Date "2013.09.06"]
[Round "2.6"]
[White "Ziegler,A"]
[Black "Vrabec,Josip"]
[Result "1-0"]
[WhiteElo "2326"]
[BlackElo "1948"]

1.d4 Nf6 2.c4 g6 3.Nc3 d5 4.cxd5 Nxd5 5.e4 Nxc3 6.bxc3 Bg7 7.Nf3 c5 8.Rb1 O-O
9.Be2 Nc6 10.d5 Bxc3+ 11.Bd2 Bxd2+ 12.Qxd2 Na5 13.Qh6 f6 14.h4 Bg4 15.h5 Qe8
16.Ng5 fxg5 17.Bxg4 Rf6 18.Qxg5 Qf8 19.e5 Ra6 20.d6 Qg7 21.Be6+ Kh8 22.hxg6 Qf8
23.Ra1  1-0

[Event "10th LGA Premium Cup GpA"]
[Site "Nuernberg GER"]
[Date "2013.09.06"]
[Round "2.2"]
[White "Baramidze,D"]
[Black "Ftacnik,L"]
[Result "1-0"]
[WhiteElo "2608"]
[BlackElo "2550"]

1.d4 Nf6 2.c4 g6 3.Nc3 d5 4.cxd5 Nxd5 5.e4 Nxc3 6.bxc3 Bg7 7.Be3 c5 8.Qd2 Qa5
9.Rc1 cxd4 10.cxd4 Qxd2+ 11.Kxd2 O-O 12.Bb5 f5 13.f3 Nc6 14.Ne2 Bd7 15.Bxc6 bxc6
16.e5 Rfb8 17.Rc2 Rb4 18.Rhc1 e6 19.Nf4 Bf8 20.Nd3 Rb5 21.Rc4 Rab8 22.Ra4 R8b7
23.h4 Bb4+ 24.Ke2 Be7 25.Bg5 Bf8 26.Bd2 Be7 27.g3 Kf7 28.g4 fxg4 29.fxg4 Ke8
30.Nc5 Bxc5 31.dxc5 Bc8 32.Rd4 Rb1 33.Rxb1 Rxb1 34.Bg5 Bd7 35.Ra4 Rb7 36.Ke3 Bc8
37.Bf6 Rd7 38.Kf4 h6 39.Rb4 Ba6 40.Rb8+ Kf7 41.Rh8 Rd4+ 42.Kf3 Rd3+ 43.Ke4 Ra3
44.Rh7+ Kf8 45.Rh8+ Kf7 46.Rh7+ Kf8 47.Rxh6 Be2 48.h5 gxh5 49.gxh5 Bd3+ 50.Kd4 Bb1
51.Rh8+ Kf7 52.Rb8 Bf5 53.Rb7+ Ke8 54.h6 Rh3 55.Re7+ Kf8 56.Rxa7 Kg8 57.Rg7+ Kf8
58.Rb7 Kg8 59.a4  1-0

[Event "TCh-SUI 2013"]
[Site "Switzerland SUI"]
[Date "2013.09.07"]
[Round "6.4"]
[White "Kappeler,K"]
[Black "Domont,A"]
[Result "0-1"]
[WhiteElo "2275"]
[BlackElo "2384"]

1.d4 g6 2.c4 Nf6 3.Nc3 d5 4.cxd5 Nxd5 5.e4 Nxc3 6.bxc3 Bg7 7.Be3 c5 8.Qd2 O-O
9.Nf3 Nc6 10.d5 Qa5 11.Rc1 Rd8 12.Bc4 Bg4 13.O-O Qa4 14.Bb3 Qb5 15.c4 Qb6
16.Qc2 Bxf3 17.dxc6 Bg4 18.cxb7 Rab8 19.Ba4 Qc7 20.Rb1 Bd4 21.Bxd4 Rxd4 22.Qb3 Be2
23.Rfc1 Bd3 24.f3 Bxb1 25.Rxb1 Rd6 26.Qe3 Rxb7 27.Rxb7 Qxb7 28.Qxc5 Qb2 29.Qg5 Qa1+  0-1

[Event "Faergen Cup 2013"]
[Site "Allinge DEN"]
[Date "2013.09.08"]
[Round "2.10"]
[White "Baliuniene,Margarita"]
[Black "Gromark,Per-Olof"]
[Result "0-1"]
[WhiteElo "1834"]
[BlackElo "2118"]

1.d4 Nf6 2.c4 g6 3.Nc3 d5 4.cxd5 Nxd5 5.e4 Nxc3 6.bxc3 Bg7 7.Bc4 c5 8.Ne2 Nc6
9.Be3 O-O 10.O-O b6 11.Rc1 Bb7 12.f3 Rc8 13.a3 e6 14.dxc5 Qc7 15.cxb6 axb6
16.Bb5 Rfd8 17.Qc2 Ne5 18.Rfd1 Bc6 19.Bxc6 Qxc6 20.Nd4 Qa8 21.a4 Nc4 22.Bf2 Bh6
23.Rb1 Ne3 24.Qb3 e5 25.Nb5 Nxd1 26.Rxd1 Rxd1+ 27.Qxd1 Rd8 28.Qb3 Qc6 29.h3 Bf8
30.Na7 Qb7 31.Qxb6 Rd1+ 32.Kh2 Qd7 33.Nb5 h5 34.c4 Qd2 35.c5 Qxf2  0-1

[Event "Svenska Cup 2013"]
[Site "Linkoping SWE"]
[Date "2013.09.08"]
[Round "6.4"]
[White "Pettersson,Anders1"]
[Black "Dahlstedt,Anders"]
[Result "1-0"]
[WhiteElo "2316"]
[BlackElo "1830"]

1.d4 Nf6 2.c4 g6 3.Nc3 d5 4.cxd5 Nxd5 5.e4 Nxc3 6.bxc3 Bg7 7.Bc4 c5 8.Ne2 O-O
9.O-O Nc6 10.Be3 Bg4 11.f3 Na5 12.Bd3 cxd4 13.cxd4 Be6 14.Qd2 Nc4 15.Bxc4 Bxc4
16.Rfd1 e5 17.d5 Qd6 18.Nc3 b5 19.Qf2 Rfc8 20.a4 a6 21.axb5 Qb4 22.b6 Rab8
23.Na4 Bf8 24.Rdb1 Qd6 25.Rc1 Bb3 26.Nb2 Rxc1+ 27.Rxc1 Qa3 28.Nc4 Bxc4 29.Rxc4 a5
30.Qd2 Bb4 31.Qc1 Qxc1+ 32.Rxc1 Kg7 33.Rc4 h5 34.Kf1 Kf8 35.Ke2 Ke7 36.Kd3 Rb7
37.Rc6 Bd6 38.Kc4 a4 39.Kb5 a3 40.Ka6 Rb8 41.b7 Kd7 42.Rc2 f5 43.g3 f4 44.gxf4 exf4
45.Bd4 Re8 46.e5 Rxe5 47.Bxe5 Bxe5 48.Ra2 g5 49.h3 Bb8 50.Rxa3 Kd6 51.Rd3 h4
52.Kb6  1-0

[Event "FSIM Sept 2013"]
[Site "Budapest HUN"]
[Date "2013.09.11"]
[Round "5.4"]
[White "Dokuchaev,A"]
[Black "Szeberenyi,A"]
[Result "0-1"]
[WhiteElo "2239"]
[BlackElo "2320"]

1.d4 Nf6 2.c4 g6 3.Nc3 d5 4.cxd5 Nxd5 5.e4 Nxc3 6.bxc3 Bg7 7.Bb5+ c6 8.Ba4 b5
9.Bb3 b4 10.Be3 bxc3 11.Qd3 Nd7 12.Nf3 O-O 13.Qxc3 c5 14.Rd1 Ba6 15.Bd5 Rc8
16.Qa3 Qb6 17.Qb3 c4 18.Qxb6 Nxb6 19.Ng5 e6 20.Bxe6 fxe6 21.Nxe6 Rfe8 22.d5 c3
23.Rc1 Rxe6 24.dxe6 c2 25.f4 Bb2 26.Kf2 Bxc1 27.Rxc1 Bd3 28.Bxb6 axb6 29.Ke3 Bb5
30.Kd4 Ba4 31.Ke5 Kf8 32.Kf6 Ke8 33.f5 Rd8 34.Kg7 Ke7 35.Kxh7 gxf5 36.exf5 Rd1
37.Rxc2 Bxc2 38.g4 Kf6 39.h4 Bxf5+ 40.gxf5 Rh1  0-1

[Event "ACP Cup 2013"]
[Site "Riga LAT"]
[Date "2013.09.13"]
[Round "1.1"]
[White "Moiseenko,A1"]
[Black "Nepomniachtchi,I"]
[Result "1/2-1/2"]
[WhiteElo "2706"]
[BlackElo "2717"]

1.d4 Nf6 2.c4 g6 3.Nc3 d5 4.cxd5 Nxd5 5.e4 Nxc3 6.bxc3 Bg7 7.Qa4+ Qd7 8.Qb3 O-O
9.Nf3 c5 10.Be3 cxd4 11.cxd4 Nc6 12.Rd1 Qd6 13.e5 Qb4+ 14.Qxb4 Nxb4 15.Bc4 Bf5
16.Kd2 Be4 17.Rc1 Bd5 18.a3 Bxc4 19.Rxc4 Nd5 20.Rb1 b6 21.Kd3 Rad8 22.Nd2 f6
23.exf6 exf6 24.Rbc1 Rfe8 25.Nf3 Kf7 26.Bd2 g5 27.h3 h5 28.Rc6 Bf8 29.a4 Bd6
30.Re1 Rxe1 31.Nxe1 h4 32.Nc2 Bf4 33.Ne3 Ne7 34.Rc4 Ke6 35.Bb4 Nd5 36.Nxd5 Kxd5
37.Be7 Re8 38.Bxf6 Re1 39.Rb4 Ke6 40.Be5 Bxe5 41.dxe5 Rxe5 42.f4 gxf4 43.Rxf4 Rg5
44.Rxh4 Rxg2 45.Ke4  1/2-1/2

[Event "40th North Shore Open"]
[Site "Auckland NZL"]
[Date "2013.09.14"]
[Round "2.2"]
[White "Ang,Alphaeus Wei Ern"]
[Black "Wang Puchen"]
[Result "0-1"]
[WhiteElo "1891"]
[BlackElo "2430"]

1.d4 Nf6 2.c4 g6 3.Nc3 d5 4.cxd5 Nxd5 5.e4 Nxc3 6.bxc3 Bg7 7.Nf3 c5 8.Be3 O-O
9.Be2 Nc6 10.O-O cxd4 11.cxd4 Bg4 12.e5 Rc8 13.Rb1 Qd7 14.h3 Bf5 15.Rb2 Rfd8
16.g4 Be6 17.Rd2 Nb4 18.a3 Nd5 19.Bg5 Nc3 20.Qe1 Nxe2+ 21.Qxe2 Bc4 22.Qd1 Bxf1
23.Kxf1 h6 24.Be3 Qd5 25.Kg1 Rc3 26.Ne1 Rdc8 27.Qe2 Rxa3 28.Kh2 Ra1 29.f3 Ra3
30.Ng2 Rac3 31.Nf4 Qc4 32.Qxc4 R3xc4 33.Nd5 Kf8 34.Kg3 Rd8 35.Nf4 b5 36.Rb2 b4
37.Kf2 Rdxd4 38.Bxd4 Rxd4 39.Ne2 Bxe5 40.Ra2 Rd7 41.Ra5 Bd6 42.Ke3 Ke8 43.Nc1 Rc7
44.Nd3 Kd7 45.Rb5 Kc6 46.Rb8 Rb7 47.Rxb7 Kxb7 48.Kd4 a5 49.Kc4 Kc6 50.Nb2 Be5
51.Nd3 Bc3 52.Nc5 g5 53.Ne4 a4 54.Nxc3 bxc3 55.Kxc3 Kd5 56.Kb4 Kd4 57.Kxa4 Ke3
58.Kb3 Kxf3 59.Kc4 Kg3 60.Kd4 Kxh3 61.Ke3 Kxg4 62.Ke4 h5 63.Ke5 h4 64.Ke4 h3
65.Ke5 h2 66.Ke4 h1=Q+ 67.Ke5 f5 68.Ke6 f4 69.Kxe7 Qh6 70.Kf7 f3 71.Ke7 f2
72.Kf7 f1=R+ 73.Ke7 Qg6 74.Kd7 Rf7+ 75.Kd8 Qg8+  0-1

[Event "TCh-CRO w Liga 2013"]
[Site "Bol CRO"]
[Date "2013.09.14"]
[Round "1.1"]
[White "Ivekovic,T"]
[Black "Kukic,L"]
[Result "1/2-1/2"]
[WhiteElo "1985"]
[BlackElo "1903"]

1.d4 Nf6 2.c4 g6 3.Nc3 d5 4.cxd5 Nxd5 5.e4 Nxc3 6.bxc3 Bg7 7.Nf3 c5 8.Bb5+ Bd7
9.Bxd7+ Qxd7 10.O-O Nc6 11.Be3 O-O 12.Rb1 cxd4 13.cxd4 e6 14.Qb3 b6 15.Rfd1 Na5
16.Qd3 Rac8 17.Bf4 Qa4 18.Bd2 Rfd8 19.Qa6 Bxd4 20.Bxa5 Bc5 21.Rxd8+ Rxd8
22.Qb5 Qxa5 23.Qxa5 bxa5 24.Kf1 Bb6 25.Rc1 f6 26.Ke2 e5 27.Ne1 Rd4 28.f3 Ra4
29.Rc2 Kf7 30.Nd3 Ke7 31.Nf2 Kd6 32.Nd1 Bd4 33.Ne3 Bxe3 34.Kxe3 Ra3+ 35.Ke2 f5
36.Kd2 Ra4 37.Ke3 f4+ 38.Ke2 h5 39.Kd2 Ra3 40.Ke2 g5 41.h3 g4 42.hxg4 hxg4
43.Kf2 g3+ 44.Ke2 Ra4 45.Kd2 Rb4 46.Kc1 Rb5 47.Rc3 a4 48.a3 Rb3 49.Kc2 a5
50.Rxb3 axb3+ 51.Kxb3 Kc5 52.Kc3  1/2-1/2